000 01070nam a2200289 a 4500
001 000009315
003 DO-SdBNP
005 20240307073941.0
008 090929s2000 dr a 001 0 spa d
040 _aDO-SdBNP
_bspa
_cBNPHU
082 4 _a581.97293
_bL763f, 2000
100 1 _aLiogier, Alain Henri,
_d1916-
_924048
245 1 3 _aLa flora de La Española /
_cAlain Henri Liogier.
260 _aSanto Domingo :
_bINTEC,
_c2000.
300 _av. :
_bil. ;
_c23 cm.
500 _aIncluye datos biográficos del autor en las páginas 142 y 143
500 _aIncluye índice de nombres científicos y vulgares
500 _aLa biblioteca posee el v.9
504 _aIncluye referencias bibliográficas y notas al pie de las páginas
504 _aBibliografía: p. 145-146
590 _aInventariado, 2018/DG
650 4 _aBotánica
_zIsla Española (Haití Y República Dominicana)
_924049
650 4 _aTaxonomía vegetal
_91516
710 2 _aInstituto Tecnológico de Santo Domingo
_978911
910 _aValidado. Control de calidad BNPHU.
942 _2ddc
_cLBS1
999 _c9075
_d9075